Guía general del archivo y la biblioteca de la Fundación Francisco Largo Caballero / (Record no. 183672)

MARC details
000 -LEADER
campo de control de longitud fija 01156nam a2200313 i 4500
001 - NÚMERO DE CONTROL
campo de control 183672
003 - IDENTIFICADOR DE NÚMERO DE CONTROL
campo de control ES-MaACL
005 - FECHA Y HORA DE LA ÚLTIMA TRANSACCIÓN
campo de control 20231108113603.0
008 - DATOS DE LONGITUD FIJA--INFORMACIÓN GENERAL
campo de control de longitud fija 140918s1998 sp o |||| | spa d
020 ## - NÚMERO INTERNACIONAL ESTÁNDAR DEL LIBRO
Número Internacional Estándar del Libro 84-86716-16-0
080 ## - NÚMERO DE LA CLASIFICACIÓN DECIMAL UNIVERSAL
Número de la Clasificación Decimal Universal 027(460.27 M.)
080 ## - NÚMERO DE LA CLASIFICACIÓN DECIMAL UNIVERSAL
Número de la Clasificación Decimal Universal 930.25(460.27 M.)
110 2# - ENTRADA PRINCIPAL--NOMBRE DE ENTIDAD CORPORATIVA
Nombre de entidad corporativa o nombre de jurisdicción como elemento de entrada Fundación Largo Caballero.
9 (RLIN) 4355
245 10 - MENCIÓN DEL TÍTULO
Título Guía general del archivo y la biblioteca de la Fundación Francisco Largo Caballero /
Mención de responsabilidad, etc. por Nuria Franco, Ester Ramos y Jesús Rodríguez.
250 ## - MENCION DE EDICION
Mención de edición 1ª ed.
260 ## - PUBLICACIÓN, DISTRIBUCIÓN, ETC.
Lugar de publicación, distribución, etc. Madrid :
Nombre del editor, distribuidor, etc. Fundación Francisco Largo Caballero,
Fecha de publicación, distribución, etc. 1998.
300 ## - DESCRIPCIÓN FÍSICA
Extensión 116 p. :
Otras características físicas fot. col., il. ;
Dimensiones 24 cm.
490 1# - MENCIÓN DE SERIE
Mención de serie Guía de fuentes ;
Designación de volumen o secuencia 0
610 27 - PUNTO DE ACCESO ADICIONAL DE MATERIA--NOMBRE DE ENTIDAD CORPORATIVA
Nombre de entidad corporativa o nombre de jurisdicción como elemento de entrada Fundación Largo Caballero.
Unidad subordinada Biblioteca.
9 (RLIN) 155552
610 27 - PUNTO DE ACCESO ADICIONAL DE MATERIA--NOMBRE DE ENTIDAD CORPORATIVA
Nombre de entidad corporativa o nombre de jurisdicción como elemento de entrada Fundación Largo Caballero.
Unidad subordinada Archivo.
9 (RLIN) 155553
700 1# - ENTRADA AGREGADA--NOMBRE PERSONAL
Nombre de persona Franco, Nuria.
9 (RLIN) 155554
700 1# - ENTRADA AGREGADA--NOMBRE PERSONAL
Nombre de persona Ramos Ruiz, Ester.
9 (RLIN) 95356
700 1# - ENTRADA AGREGADA--NOMBRE PERSONAL
Nombre de persona Rodríguez Salvanés, Jesús.
9 (RLIN) 155555
830 0# - PUNTO DE ACCESO ADICIONAL DE SERIE-TÍTULO UNIFORME
Título uniforme Guía de fuentes ;
Designación de volumen o secuencia 0
9 (RLIN) 179465
852 ## - LOCALIZACIÓN
Ubicación ES-MaACL
Número de control de estantería A-13253
itemnumber 190618
Sublocalización o colección R.126559
Ubicación en estantería Depósito 1
Signatura antigua Olim: N-6253
942 ## - ELEMENTOS DE ENTRADA SECUNDARIOS (KOHA)
Fuente del sistema de clasificación o colocación Clasificación decimal universal
Tipo de ítem Koha Libro impreso
Holdings
Estatus retirado Estado de pérdida Fuente del sistema de clasificación o colocación Estado de daño No para préstamo Biblioteca de origen Biblioteca actual Ubicación en estantería Fecha de adquisición Fuente de adquisición Total de préstamos Signatura topográfica completa Código de barras Visto por última vez Precio de reemplazo Tipo de ítem Koha
    Clasificación decimal universal     Biblioteca del Ateneo de Madrid Biblioteca del Ateneo de Madrid Depósito 1 18/09/2014 Donación   A-13253 1193094 23/02/2023 23/02/2023 Libro impreso